000 00310nam a22001337a 4500
008 181106b xxu||||| |||| 00| 0 eng d
020 _a9781600940224
041 _aeng
080 _22nd
_a610
100 _a4
101 _aSHM
245 _aCrohn's Disease and Ulcerative Colitis
_cSklar,J
942 _2udc
_cBK
999 _c52015
_d52015